| 000 | 00343nam a2200133 i 4500 | ||
|---|---|---|---|
| 001 | bg | ||
| 100 | 1 | _aWEISSKOPF, Wictor F. | |
| 245 | 0 |
_aPhisics in the Twentieth Century: Selected Essays / _cWictor F. Weisskopf. |
|
| 260 |
_aCambridge, _c1972. |
||
| 040 | _cBPK | ||
| 041 | _apol | ||
| 942 | _cKS | ||
| 008 | s pl f |000 0 pol | ||
| 999 |
_c17036 _d17036 |
||
| 856 |
_uhttp://koha.tu.koszalin.pl/cgi-bin/koha/opac-detail.pl?biblionumber=17036 _yKatalog online BPK |
||